00301nam a2200109Ia 4500008004100000082001600041100001600057245006200073250000800135260002600143650002200169150201s2008 xx 000 0 und d a614.1bF08V aVIJ,KRISHAN aTB OF FORENSICS MEDICINE&TOXICOLGY : PRINCIPLE & PRACTICE a4TH bELSEVIERaDELHIc2008 aFORENSIC MEDICINE